000 00379cam a2200157ua 4500
041 _aeng
_h
082 _a828.09
_bKNI/MU
100 _aKnight, Wilson G .
245 _aMutual flame /
_cWlison G Knight.
_hTextual Documents
250 _a1 /
_b.
260 _aLondon :
_bMethuen and Co. Ltd ,
_c1962.
300 _a233 ; .
504 _a
942 _cBK
999 _c3523
_d3523